| 000 | 00801na a2200241 4500 | ||
|---|---|---|---|
| 001 | 17096 | ||
| 003 | MIRAKIL | ||
| 005 | 20181213155136.0 | ||
| 008 | 161022b tu 000 0 | ||
| 035 | _a17096 | ||
| 040 |
_aMilas _btur _cTR-AnCHP |
||
| 041 | _atur | ||
| 082 |
_aCHP 923.156 _bİnönü,İ. 1942 |
||
| 090 | _aCHP 923.156 İnönü,İ. 1942 | ||
| 110 | _aCumhuriyet Halk Partisi | ||
| 245 |
_aSöylevler _b1932-1941 _cCumhuriyet Halk Partisi |
||
| 260 |
_aAnkara _bCHP Genel Sekreterliği Halkevleri ve Halkodalarının onuncu yıldönümü yayınları _c1942 |
||
| 300 |
_a135 s. _c22 sm. |
||
| 500 | _aHalkevleri ve Halkodalarının yıldönümlerinde verilmiştir | ||
| 600 |
_aİnönü, İsmet _xHalkevleri _ySöylev ve demeçler |
||
| 830 | _aCHP Yayınları | ||
| 942 |
_2ddc _cBKS |
||
| 999 |
_c7375 _d7375 |
||